| 000 | 00666cam a22002174a 4500 | ||
|---|---|---|---|
| 001 | 12419373 | ||
| 005 | 20241018142414.0 | ||
| 008 | 010524s2002 mauab 001 0 eng | ||
| 020 | _a9780072340365 | ||
| 050 | 0 | 0 |
_aHB171.5 _b.M47 2002 |
| 082 | 0 | 0 |
_a330 _221 |
| 100 | 1 | _aMcConnell, Campbell R. | |
| 245 | 1 | 0 |
_aEconomics : _bprinciples, problems, and policies / _cCampbell R. McConnell, Stanley L. Brue. |
| 250 | _a15th ed. | ||
| 260 |
_aBoston, Mass. : _bMcGraw-Hill, _c2002. |
||
| 300 |
_axxx, 793, 29, 23 p. : _bcol. ill., map ; _c27 cm. |
||
| 500 | _aIncludes index. | ||
| 650 | 0 | _aEconomics. | |
| 700 | 1 |
_aBrue, Stanley L., _d1945- |
|
| 942 |
_2lcc _cBK _e15th Ed. _n0 |
||
| 999 |
_c61 _d61 |
||